| 000 | 00875nam a2200265Ia 4500 | ||
|---|---|---|---|
| 003 | OSt | ||
| 005 | 20221005051426.0 | ||
| 006 | a|||||r|||| 00| 0 | ||
| 007 | ta | ||
| 008 | 221004b |||||||| |||| 00| 0 eng d | ||
| 020 |
_a9781350058026 _cUKP 35.00 |
||
| 024 | _a65218 | ||
| 037 |
_b445, 23/12/2019, Vimal Book Distribtors _cTextual |
||
| 040 |
_aCRL _cCRL _beng |
||
| 041 |
_2eng _aeng |
||
| 082 | _aR6,5g, Q6 | ||
| 100 | _aChakrabarti Arindam Ed. | ||
| 245 | 0 | _aBloomsbury research handbook of Indian aesthetics and the philosophy of art | |
| 260 |
_aLondon _bBloomsbury Academic UK _c2018 |
||
| 300 |
_ax,428p. _ccm. |
||
| 490 | _aBloombury research handbooks in asian philosophy | ||
| 650 | _aINDIAN PHILOSOPHY | ||
| 942 |
_hR6,5g, Q6 _cTEXL _2cc |
||
| 999 |
_c958797 _d958797 |
||